Livingstone's missionary correspondence 1841-1856. (Record no. 514147)

MARC details
000 -LEADER
fixed length control field 00683nam a2200241Ia 4500
003 - CONTROL NUMBER IDENTIFIER
control field OSt
005 - DATE AND TIME OF LATEST TRANSACTION
control field 20220925190322.0
008 - FIXED-LENGTH DATA ELEMENTS--GENERAL INFORMATION
fixed length control field 220923b |||||||| |||| 00| 0 eng d
037 ## - SOURCE OF ACQUISITION
Terms of availability General Book
040 ## - CATALOGING SOURCE
Original cataloging agency RTL
Transcribing agency RTL
Language of cataloging eng
041 ## - LANGUAGE CODE
Source of code eng
Language code of text/sound track or separate title eng
100 ## - MAIN ENTRY--PERSONAL NAME
Personal name Livingstone David
245 #0 - TITLE STATEMENT
Title Livingstone's missionary correspondence 1841-1856.
260 ## - PUBLICATION, DISTRIBUTION, ETC.
Place of publication, distribution, etc. Berkeley
Name of publisher, distributor, etc. University of California Press
Date of publication, distribution, etc. 1961
300 ## - PHYSICAL DESCRIPTION
Extent xxvi,342p.
Dimensions cm.
500 ## - GENERAL NOTE
General note Bib p. 327-29
650 ## - SUBJECT ADDED ENTRY--TOPICAL TERM
Topical term or geographic name entry element Travel Expedition
942 ## - ADDED ENTRY ELEMENTS (KOHA)
Classification part U8wM13, K1
Koha item type General Books
Source of classification or shelving scheme Colon Classification (CC)

No items available.

Copyright @ Delhi University Library System